Statistiques concernant Pro D2, clubs de la saison 2022-2023.

Cliquez ici pour prendre le quiz!

Statistiques générales

  • Ce quiz a été pris 161 fois
    (136 depuis la dernière actualisation)
  • Le résultat moyen est 11 sur 16

Statistiques - réponses

Classement saison 2022Clubs% Correct
14e (Top 14) Biarritz olympique
88%
3e US Oyonnax
88%
1er Stade montois
83%
11e RC Vannes
82%
12e FC Grenoble
77%
1er (Nationale) RC Massy
73%
8e US Montauban
72%
7e Provence Rugby
67%
4e USO Nevers
67%
2e (Nationale) Soyaux Angoulême XV
67%
13e SU Agen
65%
9e AS Béziers
64%
14e Rouen NR
64%
6e US Colomiers
58%
10e Stade aurillacois
55%
5e US Carcassonne
55%

Distribution des résultats

Percentile par nombre de réponses

% des personnes avec chaque résultat

Votre développement - résultats

Vous n’avez pas pris ce quiz depuis la dernière actualisation